Cartilla del aspirante a caminero peón y capataz / por Julio Larrañaga Mendía
Descripción Física:
99 p. ; 21 cm
MARC
| LEADER | 00000nam a2200000Ia 4500 | ||
|---|---|---|---|
| 001 | 11942 | ||
| 008 | 160829s1916 xx 000 0 cat d | ||
| 080 | |a C-1-509 | ||
| 100 | |a Larrañaga Mendía, Julio |9 48809 | ||
| 245 | |a Cartilla del aspirante a caminero peón y capataz / por Julio Larrañaga Mendía | ||
| 250 | |a 4a ed., corr. i aug. | ||
| 260 | |a Cuenca : |b (Imp. La Conquense), |c 1916 | ||
| 300 | |a 99 p. ; |c 21 cm | ||
| 590 | |a Inclou el 'Reglamento de policía y conservación de carreteras, aprobado por Real Decreto de 3 de Diciembre de 1909'. | ||
| 650 | |a Peons caminers |x Temaris |9 48810 | ||
| 650 | 0 | |a Circulació |x Dret i legislació |9 48811 | |
| 901 | |a Arxiu | ||
| 942 | |n 1 | ||
| 952 | |0 0 |1 0 |4 0 |6 C1509 |7 1 |9 54870 |a Arxiu |b Arxiu |d 2016-12-01 |l 0 |o C-1-509 |p 11942 |r 2016-12-01 00:00:00 |w 2016-12-01 |y ARXIU | ||
| 999 | |c 58740 |d 58740 | ||